Normal view
MARC view
- Wetzel, Eunike.
Entry Personal Name
001 - CONTROL NUMBER
- control field: 58032
003 - CONTROL NUMBER IDENTIFIER
- control field: OSt
005 - DATE AND TIME OF LATEST TRANSACTION
- control field: 20240816105825.0
008 - FIXED-LENGTH DATA ELEMENTS
- fixed length control field: 240816|| aca||aabn | a|a d
040 ## - CATALOGING SOURCE
- Original cataloging agency: OSt
- Transcribing agency: OSt
100 ## - HEADING--PERSONAL NAME
- Personal name: Wetzel, Eunike.
- Relator term: author.
670 ## - SOURCE DATA FOUND
- Source citation: Work cat.: (OSt): Wetzel, Eunike. author., You're still so vain : , August 2020.
